<?xml version="1.0" encoding="UTF-8"?>
<record
    xmlns:xsi="http://www.w3.org/2001/XMLSchema-instance"
    xsi:schemaLocation="http://www.loc.gov/MARC21/slim http://www.loc.gov/standards/marcxml/schema/MARC21slim.xsd"
    xmlns="http://www.loc.gov/MARC21/slim">

  <leader>01372nam0a22003131  4500</leader>
  <controlfield tag="001">rc\3723332</controlfield>
  <controlfield tag="005">20250610113108.0</controlfield>
  <datafield tag="021" ind1=" " ind2=" ">
    <subfield code="a">RU</subfield>
    <subfield code="b">[72-87270]</subfield>
  </datafield>
  <datafield tag="035" ind1=" " ind2=" ">
    <subfield code="a">(NLR Aleph) 007879324</subfield>
  </datafield>
  <datafield tag="090" ind1=" " ind2=" ">
    <subfield code="a">7907897</subfield>
    <subfield code="c">7907897</subfield>
  </datafield>
  <datafield tag="100" ind1=" " ind2=" ">
    <subfield code="a">20130115d1972    |||y0rusy50      ca</subfield>
  </datafield>
  <datafield tag="101" ind1="1" ind2=" ">
    <subfield code="a">rus</subfield>
    <subfield code="c">ara</subfield>
  </datafield>
  <datafield tag="102" ind1=" " ind2=" ">
    <subfield code="a">RU</subfield>
  </datafield>
  <datafield tag="105" ind1=" " ind2=" ">
    <subfield code="a">y   z   |||a|</subfield>
  </datafield>
  <datafield tag="200" ind1="1" ind2=" ">
    <subfield code="a">&#x414;&#x43E;&#x431;&#x440;&#x435;&#x439;&#x448;&#x438;&#x435; &#x43B;&#x44E;&#x434;&#x438;</subfield>
    <subfield code="e">&#x420;&#x430;&#x441;&#x441;&#x43A;&#x430;&#x437;&#x44B;</subfield>
    <subfield code="e">&#x41F;&#x435;&#x440;. &#x441; &#x430;&#x440;&#x430;&#x431;.</subfield>
  </datafield>
  <datafield tag="210" ind1=" " ind2=" ">
    <subfield code="a">&#x41C;&#x43E;&#x441;&#x43A;&#x432;&#x430;</subfield>
    <subfield code="c">&#x41F;&#x440;&#x430;&#x432;&#x434;&#x430;</subfield>
    <subfield code="d">1972</subfield>
  </datafield>
  <datafield tag="215" ind1=" " ind2=" ">
    <subfield code="a">48 &#x441;.</subfield>
    <subfield code="d">16</subfield>
  </datafield>
  <datafield tag="225" ind1="1" ind2=" ">
    <subfield code="a">&#x411;&#x438;&#x431;&#x43B;&#x438;&#x43E;&#x442;&#x435;&#x43A;&#x430; "&#x41E;&#x433;&#x43E;&#x43D;&#x435;&#x43A;"</subfield>
    <subfield code="v">&#x2116; 19</subfield>
  </datafield>
  <datafield tag="300" ind1=" " ind2=" ">
    <subfield code="a">&#x41F;&#x435;&#x440;&#x435;&#x434; &#x437;&#x430;&#x433;&#x43B;. &#x430;&#x432;&#x442;.: &#x42E;&#x441;&#x435;&#x444; &#x44D;&#x441;-&#x421;&#x438;&#x431;&#x430;&#x438;</subfield>
  </datafield>
  <datafield tag="327" ind1="1" ind2=" ">
    <subfield code="a">&#x421;&#x43E;&#x434;&#x435;&#x440;&#x436;.: &#x428;&#x435;&#x439;&#x445; &#x417;&#x443;&#x430;&#x440;&#x430;&#x431;; &#x421;&#x430;&#x43C;&#x43E;&#x440;&#x43E;&#x434;&#x43E;&#x43A; &#x438;&#x437; &#x43A;&#x432;&#x430;&#x440;&#x442;&#x430;&#x43B;&#x430; &#x430;&#x43B;&#x44C;-&#x41C;&#x438;&#x434;&#x430;; &#x421;&#x435;&#x43A;&#x438;&#x43D;&#x430;; &#x41B;&#x443;&#x447; &#x43D;&#x430; &#x434;&#x43E;&#x440;&#x43E;&#x433;&#x435;; &#x414;&#x43E;&#x431;&#x440;&#x435;&#x439;&#x448;&#x438;&#x435; &#x43B;&#x44E;&#x434;&#x438;; &#x412; &#x421;&#x438;&#x434;&#x438; &#x430;&#x43B;&#x44C;-&#x425;&#x430;&#x431;&#x438;&#x431;&#x438;</subfield>
  </datafield>
  <datafield tag="464" ind1=" " ind2="0">
    <subfield code="1">2001#$a&#x428;&#x435;&#x439;&#x445; &#x417;&#x443;&#x430;&#x440;&#x430;&#x431;$a&#x421;&#x430;&#x43C;&#x43E;&#x440;&#x43E;&#x434;&#x43E;&#x43A; &#x438;&#x437; &#x43A;&#x432;&#x430;&#x440;&#x442;&#x430;&#x43B;&#x430; &#x430;&#x43B;&#x44C;-&#x41C;&#x438;&#x434;&#x430;$a&#x421;&#x435;&#x43A;&#x438;&#x43D;&#x430;$a&#x41B;&#x443;&#x447; &#x43D;&#x430; &#x434;&#x43E;&#x440;&#x43E;&#x433;&#x435;$a&#x414;&#x43E;&#x431;&#x440;&#x435;&#x439;&#x448;&#x438;&#x435; &#x43B;&#x44E;&#x434;&#x438;$a&#x412; &#x421;&#x438;&#x434;&#x438; &#x430;&#x43B;&#x44C;-&#x425;&#x430;&#x431;&#x438;&#x431;&#x438;</subfield>
    <subfield code="t">&#x412; &#x421;&#x438;&#x434;&#x438; &#x430;&#x43B;&#x44C;-&#x425;&#x430;&#x431;&#x438;&#x431;&#x438;</subfield>
  </datafield>
  <datafield tag="700" ind1=" " ind2="1">
    <subfield code="a">&#x421;&#x438;&#x431;&#x430;&#x438;</subfield>
    <subfield code="b">&#x42E;. &#x44D;&#x43B;&#x44C;</subfield>
    <subfield code="f">1917-1978</subfield>
    <subfield code="g">&#x42E;&#x441;&#x435;&#x444; &#x44D;&#x43B;&#x44C;</subfield>
  </datafield>
  <datafield tag="790" ind1=" " ind2="1">
    <subfield code="a">&#x44D;&#x43B;&#x44C;-&#x421;&#x438;&#x431;&#x430;&#x438;</subfield>
    <subfield code="b">&#x42E;.</subfield>
    <subfield code="f">1917-1978</subfield>
    <subfield code="g">&#x42E;&#x441;&#x435;&#x444;</subfield>
  </datafield>
  <datafield tag="790" ind1=" " ind2="1">
    <subfield code="a">&#x44D;&#x441;-&#x421;&#x438;&#x431;&#x430;&#x438;</subfield>
    <subfield code="b">&#x42E;.</subfield>
    <subfield code="f">1917-1978</subfield>
    <subfield code="g">&#x42E;&#x441;&#x435;&#x444;</subfield>
  </datafield>
  <datafield tag="801" ind1=" " ind2="0">
    <subfield code="a">RU</subfield>
    <subfield code="b">NLR</subfield>
    <subfield code="g">psbo</subfield>
  </datafield>
  <datafield tag="801" ind1=" " ind2="1">
    <subfield code="a">RU</subfield>
    <subfield code="b">ELAR</subfield>
    <subfield code="2">rusmarc</subfield>
  </datafield>
  <datafield tag="852" ind1=" " ind2=" ">
    <subfield code="a">NLR</subfield>
    <subfield code="j">72-2/2130</subfield>
  </datafield>
  <datafield tag="942" ind1=" " ind2=" ">
    <subfield code="c">BOOK</subfield>
  </datafield>
  <datafield tag="980" ind1=" " ind2=" ">
    <subfield code="a">NB</subfield>
  </datafield>
  <datafield tag="995" ind1=" " ind2=" ">
    <subfield code="5">2013-10-26</subfield>
    <subfield code="b">NLR01</subfield>
    <subfield code="c">NLR01</subfield>
    <subfield code="e">RF91</subfield>
    <subfield code="f">7879324-10</subfield>
    <subfield code="k">72-2/2130</subfield>
    <subfield code="o">0</subfield>
    <subfield code="r">BOOK</subfield>
    <subfield code="s">7222130_</subfield>
  </datafield>
</record>
